Stará značka, nová firma
Matador Group v súčasnosti ako najväčší slovenský dodávateľ automobilového priemyslu. Transformácia spoločnosti. Spolupráca s partnermi z viacerých priemyselných sektorov. Využívanie bohatej histórie a dedičstva v marketingovej komunikácii. Certifikovaná spoločnosť ISO 9001 a QS 9000.
Saved in:
| Main Author: | |
|---|---|
| Format: | Book Chapter |
| Language: | Slovak |
| Subjects: | |
| Tags: |
No Tags, Be the first to tag this record!
|
MARC
| LEADER | 00000naa a2200000 4500 | ||
|---|---|---|---|
| 001 | 0191942 | ||
| 005 | 20231013091131.9 | ||
| 041 | 0 | |a slo | |
| 044 | |a SK | ||
| 245 | 1 | 0 | |a Stará značka, nová firma |c Jaroslav Hinšt |
| 520 | |a Matador Group v súčasnosti ako najväčší slovenský dodávateľ automobilového priemyslu. Transformácia spoločnosti. Spolupráca s partnermi z viacerých priemyselných sektorov. Využívanie bohatej histórie a dedičstva v marketingovej komunikácii. Certifikovaná spoločnosť ISO 9001 a QS 9000. | ||
| 610 | 2 | 0 | |a holding |
| 610 | 2 | 0 | |a firmy |
| 610 | 2 | 0 | |a priemysel automobilový |
| 610 | 2 | 0 | |a priemysel gumársky |
| 610 | 2 | 0 | |a marketing |
| 610 | 2 | 0 | |a značky |
| 610 | 2 | 0 | |a certifikáty |
| 100 | 1 | |a Hinšt, Jaroslav | |